Países y Capitales de África - Estadísticas

Estadísticas generales
  • Esta prueba ha sido intentada 228 veces
  • La puntuación promedio es 32 de 56
Estadísticas de respuestas
PREGUNTA RESPUESTA % Correcto
Argelia Argel
91%
Egipto El Cairo
85%
Marruecos Rabat
82%
Angola Luanda
80%
Kenia Nairobi
74%
Túnez Túnez
74%
Etiopía Adís Abeba
72%
Benín Porto Novo
72%
Guinea-Bissau Bissau
71%
Cabo Verde Praia
71%
Madagascar Antananarivo
70%
Botsuana Gaborone
70%
Senegal Dakar
69%
Libia Trípoli
69%
Ghana Acra
68%
Burkina Faso Uagadugú
68%
Camerún Yaundé
68%
Mozambique Maputo
65%
Yibuti Yibuti
65%
Santo Tomé y Príncipe Santo Tomé
64%
Nigeria Abuya
62%
Sierra Leona Freetown
62%
Sudán Jartum
62%
Gabón Libreville
62%
Chad Yamena
62%
Somalia Mogadiscio
61%
República del Congo Brazzaville
60%
Seychelles Victoria
60%
Burundi Gitega
59%
Zimbabue Harare
59%
Togo Lomé
59%
Comoras Moroni
59%
Mauricio Port Louis
58%
Tanzania Dodoma
57%
Eritrea Asmara
56%
Guinea Ecuatorial Malabo
56%
Liberia Monrovia
56%
Namibia Windhoek
56%
Sudán del Sur Yuba
56%
Mauritania Nuakchot
54%
Uganda Kampala
53%
Malawi Lilongüe
53%
Zambia Lusaka
53%
Níger Niamey
53%
Mali Bamako
52%
República Centroafricana Bangui
52%
Ruanda Kigali
51%
Gambia Banjul
50%
Lesoto Maseru
44%
Guinea Conakry
32%
República Democrática del Congo Kinshasa
32%
Sudáfrica Pretoria, Bloemfontein, Ciudad del Cabo
4%
Somalilandia Hargeisa
3%
Suazilandia Lobamba, Mbabane
3%
Costa de Marfil Yamusukro, Abiyán
3%
Sáhara Occidental El Aaiún, Bir Lehlu
2%
No se encontraron pruebas coincidentes
Distribución de puntuación
Porcentaje de gente con cada puntuación
Porcentaje por número respondido
Historial de tus puntuaciones
No has intentado esta prueba.